Research of crack initiation and propagation under loading for providing impact resilience of protective coating; Functional Materials; Vol. 26, № 1

Detaylı Bibliyografya
Parent link:Functional Materials
Vol. 26, № 1.— 2019.— [P. 114-120]
Müşterek Yazar: Национальный исследовательский Томский политехнический университет Инженерная школа новых производственных технологий Отделение материаловедения
Diğer Yazarlar: Sapronov A. A. Aleksandr Aleksandrovich, Buketov A. V. Andrey Viktorovich, Marushchak P. O. Pavel Orestovich, Panin S. V. Sergey Viktorovich, Braylo M. V., Yakushenko S. V. Sergey Viktorovich, Sapronova A. V., Leshchenko O. V., Menou A. Abdellah
Özet:Title screen
The analysis of destruction process under the impact loading of developed epoxy composites with different content of carbon nanotubes is carried out. Introduction of nanoparticles into the epoxy binder at the optimal content of q = 0.010 pts·wt. allows 3 times increase of impact resilience relative to the epoxy matrix. The loading value at the moment of material destruction, the value of critical strain and the crack propagation rate in time to the materials destruction on the impact testing machine RKP-300 for high-speed loading are established. By the method of optical and electron microscopy it is established that the uniformity of particles distribution of carbon nanotubes influences the morphology of nanocomposites, and hence the properties of the formed materials.
Dil:İngilizce
Baskı/Yayın Bilgisi: 2019
Konular:
Online Erişim:https://doi.org/10.15407/fm26.01.114
Materyal Türü: Elektronik Kitap Bölümü
KOHA link:https://koha.lib.tpu.ru/cgi-bin/koha/opac-detail.pl?biblionumber=663820

MARC

LEADER 00000naa0a2200000 4500
001 663820
005 20250506160715.0
035 |a (RuTPU)RU\TPU\network\34990 
035 |a RU\TPU\network\31447 
090 |a 663820 
100 |a 20210311d2019 k||y0rusy50 ba 
101 0 |a eng 
102 |a UA 
135 |a drcn ---uucaa 
181 0 |a i  
182 0 |a b 
200 1 |a Research of crack initiation and propagation under loading for providing impact resilience of protective coating  |f A. A. Sapronov, A. V. Buketov, P. O. Marushchak [et al.] 
203 |a Text  |c electronic 
300 |a Title screen 
320 |a [References: 15 tit.] 
330 |a The analysis of destruction process under the impact loading of developed epoxy composites with different content of carbon nanotubes is carried out. Introduction of nanoparticles into the epoxy binder at the optimal content of q = 0.010 pts·wt. allows 3 times increase of impact resilience relative to the epoxy matrix. The loading value at the moment of material destruction, the value of critical strain and the crack propagation rate in time to the materials destruction on the impact testing machine RKP-300 for high-speed loading are established. By the method of optical and electron microscopy it is established that the uniformity of particles distribution of carbon nanotubes influences the morphology of nanocomposites, and hence the properties of the formed materials. 
461 |t Functional Materials 
463 |t Vol. 26, № 1  |v [P. 114-120]  |d 2019 
610 1 |a электронный ресурс 
610 1 |a труды учёных ТПУ 
610 1 |a carbon nanotubes 
610 1 |a impact resilience 
610 1 |a fracture surface 
610 1 |a crack propagation 
610 1 |a ударопрочность 
610 1 |a углеродные нанотрубки 
610 1 |a трещины 
701 1 |a Sapronov  |b A. A.  |g Aleksandr Aleksandrovich 
701 1 |a Buketov  |b A. V.  |g Andrey Viktorovich 
701 1 |a Marushchak  |b P. O.  |g Pavel Orestovich 
701 1 |a Panin  |b S. V.  |c specialist in the field of material science  |c Professor of Tomsk Polytechnic University, Doctor of technical sciences  |f 1971-  |g Sergey Viktorovich  |3 (RuTPU)RU\TPU\pers\32910  |9 16758 
701 1 |a Braylo  |b M. V. 
701 1 |a Yakushenko  |b S. V.  |g Sergey Viktorovich 
701 1 |a Sapronova  |b A. V. 
701 1 |a Leshchenko  |b O. V. 
701 1 |a Menou  |b A.  |g Abdellah 
712 0 2 |a Национальный исследовательский Томский политехнический университет  |b Инженерная школа новых производственных технологий  |b Отделение материаловедения  |3 (RuTPU)RU\TPU\col\23508 
801 2 |a RU  |b 63413507  |c 20210311  |g RCR 
850 |a 63413507 
856 4 |u https://doi.org/10.15407/fm26.01.114 
942 |c CF